Wildflowers - Statistics

General Stats
  • This quiz has been taken 17 times
  • The average score is 4 of 9
Answer Stats
Picture Answer % Correct
Bluebell
93%
Foxglove
71%
Cowslip
50%
Dog rose
43%
Bramble
36%
Cow parsley
36%
Dog mercury
14%
Greater stitchwort
14%
Common dog-violet
7%
No matching quizzes found
Score Distribution
Percent of People with Each Score
Percentile by Number Answered
Your Score History
You have not taken this quiz